00510nam a2200145Ia 4500008004100000020001800041041000800059082002100067100003600088245015500124250000600279260003900285300001000324650003000334210716s2012 xx 000 0 und d a9781849686068 aeng a658.4038011 GARM aGarcia, Miguel; Harmsen, Barry. aQlikview 11 for developers: develop business intelligence applications with qlikview 11.bDevelop business intelligence applications with qlikview 11. a1 aMumbaibPackt Publishing Ltdc2012 ax,504 aDecision making(658.403)